000 00565nam a2200193Ia 4500
008 151121s9999||||xx |||||||||||||| ||und||
082 _a813-/मुजाव
082 _bHNW-62006
100 _aमुजावर बशीर सा।
245 _aगूढकथा
260 _b"महाजन, पुणे।"
260 _c--
300 _a200
600 _aमुजावर बशीर सा।
630 _aगूढकथा
700 _aमुजावर बशीर सा।
730 _aगूढकथा
942 _cBOOK
999 _c1243548
_d1243545